Statistics for Largest Cities in Indiana A-Z

Click here to take the quiz!

General Stats

  • This quiz has been taken 19 times
  • The average score is 12 of 24

Answer Stats

LetterPopulationCity% Correct
E117,979Evansville
93%
I876,384Indianapolis
93%
G74,879Gary
87%
S102,026South Bend
87%
F270,402Fort Wayne
80%
B85,755Bloomington
67%
M67,999Muncie
67%
L71,721Lafayette
60%
A54,765Anderson
53%
C101,068Carmel
53%
H75,522Hammond
53%
K58,020Kokomo
53%
T60,753Terre Haute
53%
N64,668Noblesville
40%
W50,996West Lafayette
40%
Z14,160Zionsville
40%
D9,858Decatur
33%
V16,862Vincennes
33%
R35,342Richmond
27%
Y9,405Yorktown
27%
J48,126Jeffersonville
20%
P36,998Portage
20%
U3,440Union City
13%
O2,404Oakland City
7%

Score Distribution

Percentile by Number Answered

Percent of People with Each Score

Your Score History

You have not taken this quiz